Normal view MARC view
  • Universidades y colegios

Entry Materia

Number of records used in: 1

001 - NÚMERO DE CONTROL DEL REGISTRO

  • campo de control: 51602

003 - IDENTIFICADOR DE NUMERO DE CONTROL

  • campo de control: MX-MxUPN

005 - FECHA Y HORA DE LA ÚLTIMA TRANSACCIÓN

  • campo de control: 20240417163947.0

008 - DATOS DE LONGITUD FIJA

  • campo de control de longitud fija: 240417|| fcn||babn | a|a d

040 ## - FUENTE DE LA CATALOGACIÓN

  • Centro catalogador de origen: MX-MxUPN
  • Lengua de catalogación: spa
  • Agencia de transcripción: MX-MxUPN

150 ## - ENCABEZAMIENTO - TEMÁTICO

  • Término de materia o nombre geográfico como elemento inicial: Universidades y colegios
  • Subdivisión de materia general: Trabajo de post-graduados
  • Subdivisión geográfica: América Latina

670 ## - FUENTE EN LA QUE SE LOCALIZARON DATOS

  • Cita de la fuente: Autoridades BGTQ, 17 abril 2024:
  • Información localizada: (Universidades y colegios -- Trabajo de post-graduados -- América Latina)

902 ## - CATALOGADOR

  • Catalogador: Víctor Ruiz/170424